জীবন ও কর্ম: (Record no. 12296)
[ view plain ]
| 000 -LEADER | |
|---|---|
| fixed length control field | 01304nam a2200277 a 4500 |
| 001 - CONTROL NUMBER | |
| JCCL Control Number | 12296 |
| 003 - CONTROL NUMBER IDENTIFIER | |
| JCCL marc code | BD-JhCC |
| 005 - DATE AND TIME OF LATEST TRANSACTION | |
| control field | 20220803134024.0 |
| 008 - FIXED-LENGTH DATA ELEMENTS--GENERAL INFORMATION | |
| fixed length control field | 210925b2018 bg |||| ||a| 001 0 ban d |
| 020 ## - INTERNATIONAL STANDARD BOOK NUMBER | |
| International Standard Book Number | 9789849229209 |
| 035 ## - SYSTEM CONTROL NUMBER | |
| system control number | (BD-JhCC)12296 |
| 040 ## - CATALOGING SOURCE | |
| Original cataloging agency | BD-JhCC |
| Modifying agency | BD-JhCC |
| 041 ## - LANGUAGE CODE | |
| Language code of Book | Bengali |
| 082 ## - DEWEY DECIMAL CLASSIFICATION NUMBER | |
| Classification number | 297.648 |
| Author mark and Year | SAL 2018 |
| 100 ## - MAIN ENTRY--PERSONAL NAME | |
| Personal name | সাল্লাবি,ড. আলী মহাম্মাদ |
| 245 ## - TITLE STATEMENT | |
| Title | জীবন ও কর্ম: |
| Remainder of title | আলী ইবনে আবি তালিব রাযিয়াল্লাহু আনহু / |
| Statement of responsibility, etc | ড. আলী মহাম্মাদ সাল্লাবি, অনু: মুফতী ফজলুদ্দীন শিবলী সম্পা: মুহাম্মাদ আদম আলী । |
| 260 ## - PUBLICATION, DISTRIBUTION, ETC. (IMPRINT) | |
| Place of publication, distribution, etc | ঢাকা: |
| Name of publisher, distributor, etc | মাকতাবাতুল ফরকান; |
| Date of publication, distribution, etc | ২০১৮. |
| 300 ## - PHYSICAL DESCRIPTION | |
| Pagination | 496 p. : |
| Dimensions | 22 cm. |
| 490 ## - SERIES STATEMENT | |
| Series statement | ইসলামী ইতিহাস সিরিজ:খুলাফায়ে রাশেদীন -৪ |
| 600 ## - SUBJECT ADDED ENTRY--PERSONAL NAME | |
| Personal name | Ali ibn Abi talib,caliph |
| Dates associated with a name | 600-661 |
| 650 ## - SUBJECT ADDED ENTRY--TOPICAL TERM | |
| Topical term or geographic name as entry element | Friend and associates |
| 700 ## - ADDED ENTRY--PERSONAL NAME | |
| Personal name | শিবলী ,মুফতী ফজলুদ্দীন |
| 700 ## - ADDED ENTRY--PERSONAL NAME | |
| Personal name | আলী,মুহাম্মাদ আদম |
| 942 ## - ADDED ENTRY ELEMENTS (KOHA) | |
| Source of classification or shelving scheme | Dewey Decimal Classification |
| Koha item type | Books |
| Koha issues (borrowed), all copies | 3 |
| Source of classification or shelving scheme | volume number | Damaged status | Not for loan | Home library | Current library | Shelving location | Date of accession | Cost, normal purchase price | Total Checkouts | Full call number | Barcode | Date last seen | Date checked out | Copy number | Koha item type |
|---|---|---|---|---|---|---|---|---|---|---|---|---|---|---|---|
| Dewey Decimal Classification | V-1 | JCC Rouf Library | JCC Rouf Library | General Stacks | 11/04/2024 | 480.00 | 6 | 297.648 SAL 2018 | 16708 | 07/28/2025 | 04/29/2025 | C-1 | Books | ||
| Dewey Decimal Classification | V-2 | JCC Rouf Library | JCC Rouf Library | General Stacks | 420.00 | 297.648 SAL 2018 | 16709 | 09/25/2021 | C-1 | Books | |||||
| Dewey Decimal Classification | V-3 | JCC Rouf Library | JCC Rouf Library | General Stacks | 480.00 | 297.648 SAL 2018 | 16710 | 09/25/2021 | C-1 | Books |